[Event "bonow-3"]
[Site "http://www.queenalice.com/game.php?id=1311713"]
[Date "2014.9.30"]
[Round "3"]
[White "mauricio_sm"]
[Black "Lucascg"]
[Result "0-1"]
[WhiteElo "1927"]
[BlackElo "2228"]

1. e4 c5 2. Nf3 a6 3. d4 cxd4 4. Nxd4 e5 5. Nf3 d6 6. Nc3 Nf6 7. Bg5 Nbd7 8. Bd3
Be7 9. O-O O-O 10. a3 h6 11. Bh4 b5 12. Bg3 Bb7 13. Re1 Qb6 14. Qe2 Rfc8 15.
Rac1 b4 16. axb4 Qxb4 17. Rb1 Nc5 18. Na2 Qb6 19. b4 Ncxe4 20. Bxe4 Nxe4 21.
Rec1 Qc6 22. Qf1 Ng5 23. Qe2 Nxf3+ 24. Qxf3 Qxf3 25. gxf3 Bxf3 26. c4 Bg5 27.
Rc3 Be4 28. Rd1 Be7 29. Nc1 f5 30. f3 Bc6 31. Nd3 Bxf3 32. Rf1 Be2 33. Rxf5 Bxd3
34. Rxd3 Rxc4 35. Rb3 Rb8 36. Be1 g6 37. Rf2 d5 38. Rfb2 e4 39. b5 axb5 40. Rxb5
Rxb5 41. Rxb5 Rc1 42. Kf2 Bh4+ 43. Ke2 Rxe1+ 0-1

[Event "bonow-3"]
[Site "http://www.queenalice.com/game.php?id=1319761"]
[Date "2014.11.1"]
[Round "4"]
[White "Lucascg"]
[Black "bonow"]
[Result "0-1"]
[WhiteElo "2223"]
[BlackElo "2209"]

1. e4 c5 2. f4 Nc6 3. Nf3 d6 4. g3 Nf6 5. d3 g6 6. Bg2 Bg7 7. O-O O-O 8. Nc3 Bg4
9. h3 Bxf3 10. Qxf3 e6 11. Be3 Nd7 12. Nd1 Qa5 13. c3 Rac8 14. f5 b5 15. g4 b4
16. g5 bxc3 17. f6 Nde5 18. Qg3 cxb2 19. Nxb2 Bh8 20. Nc4 Nxc4 21. dxc4 Ne5 22.
Bf4 Nxc4 23. Bxd6 Nxd6 24. Qxd6 c4 25. h4 c3 26. a3 Rfd8 27. Qb4 Qc7 28. Rac1 c2
29. Qb2 Rd2 30. e5 Rb8 31. Qa1 Qc5+ 32. Kh1 Qc4 0-1

[Event "AUTO-MASTER-2086"]
[Site "http://www.queenalice.com/game.php?id=1326754"]
[Date "2014.12.8"]
[Round "2"]
[White "Lucascg"]
[Black "Pistolero"]
[Result "0-1"]
[WhiteElo "2217"]
[BlackElo "2150"]

1. e4 c5 2. Nf3 Nc6 3. d4 cxd4 4. Nxd4 Nf6 5. Nc3 e6 6. Bg5 Qb6 7. Bxf6 gxf6 8.
Nb3 Bg7 9. Qg4 O-O 10. Bd3 Ne5 11. Qg3 Nxd3+ 12. Qxd3 a6 13. O-O Qc7 14. a4 d6
15. Rae1 Bd7 16. Rd1 Bc6 17. Qxd6 Qxd6 18. Rxd6 Rfd8 19. Rfd1 Rxd6 20. Rxd6 Bf8
21. Rd3 Bb4 22. Nd4 Bxc3 23. Nxc6 Bxb2 24. Ne7+ Kf8 25. Rb3 Rd8 26. Kf1 Rd7 27.
Rxb2 Kxe7 28. Ke2 Kd6 29. f4 Kc5 30. Rb3 b6 31. g4 Rd4 32. Ke3 e5 33. h3 Rxa4
34. Rd3 Rd4 35. Rc3+ Rc4 36. Rd3 Rxc2 37. Rd7 Rc3+ 38. Kd2 Rxh3 39. Rxf7 Rh4 40.
Rxf6 Rxg4 41. fxe5 Rxe4 42. e6 Re5 43. Kd3 a5 0-1

[Event "AUTO-MASTER-2086"]
[Site "http://www.queenalice.com/game.php?id=1326755"]
[Date "2014.12.8"]
[Round "2"]
[White "Pistolero"]
[Black "Lucascg"]
[Result "1/2-1/2"]
[WhiteElo "2204"]
[BlackElo "2203"]

1. e4 d6 2. d4 Nf6 3. Nc3 g6 4. f4 Bg7 5. Nf3 c6 6. Be2 O-O 7. O-O Qc7 8. Be3
Ng4 9. Qd2 Nxe3 10. Qxe3 Bg4 11. e5 d5 12. h3 Bxf3 13. Rxf3 e6 14. g4 Nd7 15. f5
exf5 16. gxf5 Rae8 17. Raf1 b5 18. Bd3 b4 19. Ne2 c5 20. c3 a5 21. Nf4 bxc3 22.
bxc3 cxd4 23. cxd4 Qb7 24. Rg3 Re7 25. Qf2 Ree8 26. Qg2 Qa7 27. Qxd5 Bxe5 28.
fxg6 Qxd4+ 29. Qxd4 Bxd4+ 30. Kg2 hxg6 31. h4 Re3 32. h5 Rxg3+ 33. Kxg3 gxh5 34.
Nxh5 Rc8 35. Kf4 Nc5 36. Bc4 Ne6+ 37. Bxe6 fxe6 38. Ke4 Bh8 39. Nf6+ Kf7 40.
Nd5+ Ke8 41. Ne3 Rb8 42. Rc1 Kd7 43. Rc5 Rb4+ 44. Kd3 Ra4 45. Nc4 Rxa2 46. Rxa5
1/2-1/2

[Event "AUTO-MASTER-2086"]
[Site "http://www.queenalice.com/game.php?id=1326756"]
[Date "2014.12.8"]
[Round "2"]
[White "Lucascg"]
[Black "npeter"]
[Result "0-1"]
[WhiteElo "2203"]
[BlackElo "2241"]

1. d4 Nf6 2. c4 g6 3. Nc3 Bg7 4. e4 d6 5. Be2 O-O 6. Nf3 e5 7. O-O Nc6 8. d5 Ne7
9. Ne1 Nd7 10. Be3 f5 11. f3 f4 12. Bf2 g5 13. Nd3 Nf6 14. c5 Ng6 15. Rc1 Rf7
16. cxd6 cxd6 17. Qb3 g4 18. Nb5 g3 19. hxg3 Nh5 20. g4 Ng3 21. Bxg3 fxg3 0-1

[Event "AUTO-MASTER-2086"]
[Site "http://www.queenalice.com/game.php?id=1326757"]
[Date "2014.12.8"]
[Round "2"]
[White "npeter"]
[Black "Lucascg"]
[Result "0-1"]
[WhiteElo "2273"]
[BlackElo "2192"]

1. d4 d5 2. Nf3 Nf6 3. c4 e6 4. Nc3 Be7 5. Bg5 Nbd7 6. e3 O-O 7. Rc1 c6 8. Bd3
h6 9. Bh4 a6 10. cxd5 cxd5 11. O-O b5 12. Bg3 Bb7 13. Ne5 Rc8 14. Bb1 Nxe5 15.
Bxe5 Ne4 16. Bxe4 dxe4 17. Qg4 Bf6 18. Bxf6 Qxf6 19. Nxe4 Bxe4 20. Qxe4 Qe7 21.
g3 Qb4 22. Rc2 Rxc2 0-1

[Event "AUTO-MASTER-2343"]
[Site "http://www.queenalice.com/game.php?id=1377010"]
[Date "2015.8.12"]
[Round "1"]
[White "dadge"]
[Black "Lucascg"]
[Result "0-1"]
[WhiteElo "2055"]
[BlackElo "2206"]

1. e4 d6 2. d4 Nf6 3. Bd3 g6 4. Ne2 Bg7 5. c4 O-O 6. Nbc3 c5 7. d5 Na6 8. f4 e6
9. O-O exd5 10. exd5 Re8 11. Ng3 Ng4 12. Qf3 Nb4 13. Bb1 Bd4+ 14. Kh1 Nxh2 0-1

[Event "AUTO-MASTER-2343"]
[Site "http://www.queenalice.com/game.php?id=1377011"]
[Date "2015.8.12"]
[Round "1"]
[White "Lucascg"]
[Black "dadge"]
[Result "1-0"]
[WhiteElo "2213"]
[BlackElo "2025"]

1. e4 e5 2. Nf3 Nc6 3. Bc4 Bc5 4. O-O Nf6 5. Qe2 d6 6. h3 O-O 7. d3 Na5 8. Nbd2
Nxc4 9. Nxc4 b5 10. Ne3 a5 11. c3 b4 12. Rd1 Ba6 13. Qc2 Rb8 14. d4 exd4 15.
cxd4 Ba7 16. e5 Nd7 17. Nf5 Bb7 18. Ng5 Bd5 19. Nh6+ 1-0

[Event "AUTO-MASTER-2343"]
[Site "http://www.queenalice.com/game.php?id=1377024"]
[Date "2015.8.12"]
[Round "1"]
[White "jupar"]
[Black "Lucascg"]
[Result "0-1"]
[WhiteElo "1979"]
[BlackElo "2235"]

1. d4 f5 2. Nf3 e6 3. c4 d5 4. c5 Nf6 5. Ne5 Be7 6. g3 O-O 7. Bg2 Nbd7 8. Nxd7
Bxd7 9. O-O b6 10. b4 a5 11. Ba3 Bb5 12. Nc3 Bc4 13. Re1 axb4 14. Bxb4 Nd7 15.
a4 bxc5 16. dxc5 Nxc5 17. a5 Nb3 18. Bxe7 Qxe7 19. Rb1 Nxa5 20. e3 Rfb8 21. Ra1
Nb3 22. Rb1 c6 23. Qc2 e5 24. Qxf5 e4 25. Rb2 Rf8 26. Qg4 Nc5 27. Reb1 Nd3 28.
Rb7 Qf6 29. Nxe4 dxe4 30. f4 Bd5 31. Bf1 Ra1 32. Qd1 Rxb1 33. Qxb1 Ne5 34. Bg2
Nf3+ 35. Bxf3 exf3 36. e4 Qd4+ 37. Kf1 Bc4+ 38. Ke1 f2# 0-1

[Event "AUTO-MASTER-2343"]
[Site "http://www.queenalice.com/game.php?id=1377025"]
[Date "2015.8.12"]
[Round "1"]
[White "Lucascg"]
[Black "jupar"]
[Result "1-0"]
[WhiteElo "2231"]
[BlackElo "2005"]

1. e4 e5 2. Nf3 Nc6 3. Bc4 Nf6 4. Ng5 d5 5. exd5 Na5 6. Bb5+ c6 7. dxc6 bxc6 8.
Qf3 Bd7 9. Ba4 h6 10. Ne4 Be7 11. O-O O-O 12. Nxf6+ Bxf6 13. d3 Re8 14. Nc3 Qc7
15. Bxh6 Nb7 16. Ne4 Be7 17. Qg3 g6 18. Bb3 Nd6 19. Qxg6+ 1-0

[Event "AUTO-MASTER-2343"]
[Site "http://www.queenalice.com/game.php?id=1377034"]
[Date "2015.8.12"]
[Round "1"]
[White "Lucascg"]
[Black "szybkielanie"]
[Result "1-0"]
[WhiteElo "2219"]
[BlackElo "2256"]

1. e4 e6 2. d4 d5 3. exd5 exd5 4. Bd3 Bd6 5. Nf3 Bg4 6. O-O c6 7. Re1+ Ne7 8. h3
Bh5 9. Nbd2 Qc7 10. c4 O-O 11. Nf1 Bg6 12. c5 1-0

[Event "AUTO-MASTER-2343"]
[Site "http://www.queenalice.com/game.php?id=1377035"]
[Date "2015.8.12"]
[Round "1"]
[White "szybkielanie"]
[Black "Lucascg"]
[Result "0-1"]
[WhiteElo "2166"]
[BlackElo "2262"]

1. e4 d6 2. f4 g6 3. c3 Bg7 4. d4 Nf6 5. Bd3 O-O 6. e5 Nd5 7. Nf3 Nd7 8. O-O c5
9. Be4 N5b6 10. a4 a5 11. Na3 d5 0-1

[Event "AUTO-MASTER-2067"]
[Site "http://www.queenalice.com/game.php?id=1377268"]
[Date "2015.8.13"]
[Round "2"]
[White "Lucascg"]
[Black "Zugswang"]
[Result "1-0"]
[WhiteElo "2251"]
[BlackElo "2214"]

1. Nf3 g6 2. g3 Bg7 3. Bg2 Nf6 4. O-O O-O 5. c4 d6 6. d4 c5 7. d5 b5 8. cxb5 a6
9. bxa6 Bxa6 10. Nc3 Nbd7 11. Re1 Ng4 12. Bf4 Qb6 13. Qd2 Rfb8 14. Rab1 c4 15.
e3 Nc5 16. h3 Nf6 17. e4 Nd3 18. Re2 Nd7 19. Be3 Qb7 20. Bd4 N7e5 21. Nxe5 Bxe5
22. Bxe5 dxe5 23. b3 Qc7 24. Re3 Rb4 25. bxc4 Rxb1+ 26. Nxb1 Qxc4 27. Bf1 Qc1
28. Qxc1 Nxc1 29. Ra3 Bb7 30. Rxa8+ Bxa8 31. Bc4 Kf8 32. Kf1 e6 33. Ke1 exd5 34.
exd5 e4 35. Kd2 Nd3 36. Bxd3 exd3 37. Nc3 Ke7 38. Kxd3 Kd6 39. Kd4 f6 40. Nb5+
Kd7 41. Kc5 h5 42. a4 g5 43. h4 g4 44. a5 f5 45. a6 Ke7 46. Nc7 1-0

[Event "AUTO-MASTER-2067"]
[Site "http://www.queenalice.com/game.php?id=1377269"]
[Date "2015.8.13"]
[Round "2"]
[White "Zugswang"]
[Black "Lucascg"]
[Result "0-1"]
[WhiteElo "2226"]
[BlackElo "2239"]

1. e4 d6 2. d4 Nf6 3. Nc3 g6 4. f3 Bg7 5. Be3 O-O 6. Qd2 Re8 7. g4 c6 8. h4 Qa5
9. h5 b5 10. hxg6 fxg6 11. e5 Nfd7 12. f4 Nf8 13. Nf3 Bxg4 14. Be2 Nbd7 15. Ne4
Qxd2+ 16. Kxd2 d5 17. Nf2 Bf5 18. Nh4 e6 19. Bd3 Nb6 20. b3 a6 21. Bxf5 exf5 22.
Nh3 Ne6 23. Rag1 Nd7 24. Ng5 Nxg5 25. Rxg5 Nf8 26. Rhg1 a5 27. Nxf5 Ne6 28. Nxg7
Nxg5 29. Rxg5 Kxg7 30. f5 Kf7 31. f6 h5 32. Kd3 h4 33. Rg1 Rh8 34. Rh1 g5 35.
Bxg5 h3 36. c4 bxc4+ 37. bxc4 Rag8 38. Bf4 Rg2 39. cxd5 cxd5 40. Rb1 h2 41. Rb7+
Ke6 0-1

[Event "AUTO-MASTER-2067"]
[Site "http://www.queenalice.com/game.php?id=1377270"]
[Date "2015.8.13"]
[Round "2"]
[White "Lucascg"]
[Black "greggy"]
[Result "0-1"]
[WhiteElo "2236"]
[BlackElo "2665"]

1. Nf3 Nf6 2. b3 d5 3. Bb2 c5 4. g3 e6 5. Bg2 Nc6 6. O-O Bd6 7. d3 O-O 8. Nbd2
e5 9. e4 d4 10. Nc4 Bc7 11. a4 a6 12. Qc1 Be6 13. Ng5 Bd7 14. Ba3 Qe7 15. Nh3 b5
16. axb5 axb5 17. Nd2 h6 18. f3 Ra7 19. Bb2 Rxa1 20. Qxa1 Ba5 21. Qc1 Ra8 22.
Nf2 Bc3 23. Nd1 Bxb2 24. Qxb2 Nb4 0-1

[Event "AUTO-MASTER-2067"]
[Site "http://www.queenalice.com/game.php?id=1377271"]
[Date "2015.8.13"]
[Round "2"]
[White "greggy"]
[Black "Lucascg"]
[Result "1-0"]
[WhiteElo "2664"]
[BlackElo "2232"]

1. e4 d6 2. d4 Nf6 3. Nc3 g6 4. f4 Bg7 5. Nf3 c6 6. Bd3 O-O 7. O-O Qc7 8. Qe1 b5
9. e5 Ne8 10. Qh4 b4 11. Ne4 Ba6 12. f5 Bxd3 13. fxg6 fxg6 14. cxd3 Rf5 15. g4
Rxf3 16. Rxf3 dxe5 17. Rh3 Nf6 18. Nxf6+ exf6 19. Qxh7+ 1-0

[Event "Let's Play Chess!"]
[Site "http://www.queenalice.com/game.php?id=1382485"]
[Date "2015.9.11"]
[Round "-"]
[White "dnptrs"]
[Black "Lucascg"]
[Result "1-0"]
[WhiteElo "2264"]
[BlackElo "2284"]

1. d4 Nf6 2. Nf3 c5 3. e3 e6 4. Be2 Nc6 5. O-O d5 6. Nbd2 Bd6 7. c4 O-O 8. cxd5
exd5 9. dxc5 Bxc5 10. Nb3 Bd6 11. Bd2 Bf5 12. Nfd4 Be4 13. Bc3 Qe7 14. Bd3 Qe5
15. g3 Qg5 16. Nxc6 bxc6 17. Bxf6 Qxf6 18. Bxe4 dxe4 19. Qc2 Be5 20. Qxe4 Bxb2
21. Rad1 Rfe8 22. Qa4 Rec8 23. Rd7 c5 24. Rfd1 c4 25. R1d6 Qc3 26. Na5 Qe1+ 27.
Kg2 c3 28. Nc6 Kh8 29. Ne5 h6 30. Qc2 Qc1 31. Nxf7+ 1-0

[Event "Let's Play Chess!"]
[Site "http://www.queenalice.com/game.php?id=1383433"]
[Date "2015.9.16"]
[Round "-"]
[White "Lucascg"]
[Black "dnptrs"]
[Result "1-0"]
[WhiteElo "2271"]
[BlackElo "2299"]

1. Nf3 e6 2. b3 d5 3. Bb2 c5 4. g3 Nf6 5. Bg2 Be7 6. O-O O-O 7. d3 Nc6 8. Nbd2
a6 9. e3 b5 10. Qe2 Qc7 11. c4 dxc4 12. dxc4 b4 13. Ne5 Bb7 14. Ndf3 Qb6 15.
Rfd1 a5 16. Nd7 1-0

[Event "AUTO-MASTER-2343"]
[Site "http://www.queenalice.com/game.php?id=1384094"]
[Date "2015.9.18"]
[Round "2"]
[White "clovis"]
[Black "Lucascg"]
[Result "0-1"]
[WhiteElo "2133"]
[BlackElo "2271"]

1. e4 c5 2. Nf3 a6 3. d4 cxd4 4. Nxd4 Nf6 5. Nc3 e5 6. Nf3 d6 7. Bc4 Be7 8. Bg5
Nbd7 9. O-O O-O 10. Qe2 b5 11. Bb3 Bb7 12. Rad1 b4 13. Nb1 Bxe4 14. Bxf6 Bxf3
15. Qxf3 Nxf6 16. Nd2 d5 17. Qg3 Bd6 18. Qh3 Qc7 19. Nf3 Qc5 20. Rfe1 Rfe8 21.
Rd2 e4 22. Nd4 Be5 23. Nf5 Bxb2 24. Red1 Rad8 25. Qg3 g6 26. Qg5 Bc3 27. Qxf6
Bxf6 0-1

[Event "AUTO-MASTER-2343"]
[Site "http://www.queenalice.com/game.php?id=1384095"]
[Date "2015.9.18"]
[Round "2"]
[White "Lucascg"]
[Black "clovis"]
[Result "1-0"]
[WhiteElo "2279"]
[BlackElo "2132"]

1. d4 d5 2. c4 c6 3. Nc3 e6 4. e4 dxe4 5. Nxe4 Bb4+ 6. Nc3 Nf6 7. Nf3 O-O 8. Bd3
Nbd7 9. O-O Qc7 10. Ne2 e5 11. a3 Bd6 12. Qc2 exd4 13. Nexd4 Ne5 14. c5 Nxf3+
15. Nxf3 Be7 16. h3 Nd5 17. Bxh7+ Kh8 18. Bd3 Nf4 19. Bf5 Bf6 20. Re1 Bxf5 21.
Qxf5 Ng6 22. Bg5 Bxg5 23. Qxg5 Kg8 24. Re4 Rad8 25. Rae1 Rd5 26. Qc1 Rfd8 27. b4
Rd3 28. h4 Rxf3 29. gxf3 f6 30. h5 Ne5 31. Kg2 Nxf3 32. Kxf3 1-0

[Event "AUTO-MASTER-2343"]
[Site "http://www.queenalice.com/game.php?id=1384098"]
[Date "2015.9.18"]
[Round "2"]
[White "Canaye"]
[Black "Lucascg"]
[Result "0-1"]
[WhiteElo "1925"]
[BlackElo "2300"]

1. d4 d5 2. c4 c6 3. Nc3 Nf6 4. cxd5 cxd5 5. h3 Bf5 6. Qa4+ Qd7 7. Nf3 Nc6 8.
Ne5 Nxe5 9. dxe5 Qxa4 10. Nxa4 Nd7 11. Bf4 e6 12. a3 Rc8 13. e3 a6 14. Be2 Be7
15. O-O O-O 16. Rac1 b5 17. Rxc8 Rxc8 18. Nc3 Bxa3 19. Nxd5 exd5 20. bxa3 Rc2
21. Bf3 Be6 22. Rd1 Rc5 23. Bg5 Nxe5 24. Be2 f6 25. Bf4 Kf7 26. g4 h6 27. Bh2
Rc2 28. Kf1 Ra2 29. Rc1 Nc4 30. Bxc4 dxc4 31. Bd6 Bd5 32. Rd1 Bf3 33. Re1 a5 34.
e4 c3 35. e5 fxe5 36. Kg1 c2 37. Rc1 Bd1 38. Kh2 Kf6 39. f4 exf4 40. Bxf4 Rxa3
41. Kg2 b4 42. Bd2 Ke5 43. h4 Kd4 44. Kf2 b3 45. Be3+ Kc4 46. g5 hxg5 47. Bxg5
b2 0-1

[Event "AUTO-MASTER-2343"]
[Site "http://www.queenalice.com/game.php?id=1384099"]
[Date "2015.9.18"]
[Round "2"]
[White "Lucascg"]
[Black "Canaye"]
[Result "1-0"]
[WhiteElo "2287"]
[BlackElo "1920"]

1. d4 e6 2. c4 d5 3. Nc3 Bb4 4. Qb3 Bxc3+ 5. bxc3 c5 6. Ba3 Nc6 7. Bxc5 dxc4 8.
Qxc4 Nge7 9. e4 O-O 10. Nf3 b6 11. Ba3 a5 12. Qb3 a4 13. Qc2 Re8 14. Bb5 Bb7 15.
O-O Ba6 16. Bxe7 Nxe7 17. Qxa4 Bxb5 18. Qxb5 Ra5 19. Qb3 Ng6 20. g3 Rh5 21. e5
Qa8 22. c4 Ne7 23. Rfd1 Qe4 24. Qd3 Qb7 25. d5 exd5 26. cxd5 Rd8 27. d6 Nc6 28.
Qd5 Na5 29. Qxb7 Nxb7 30. Rab1 Rf5 31. Kg2 g5 32. g4 Rf4 33. h3 Nc5 34. Nxg5 Na4
35. Rb3 b5 36. e6 Nc5 37. e7 Re8 38. Rxb5 Nd7 39. Rb7 Nc5 40. d7 1-0

[Event "AUTO-MASTER-2343"]
[Site "http://www.queenalice.com/game.php?id=1384102"]
[Date "2015.9.18"]
[Round "2"]
[White "Lucascg"]
[Black "Chanchito"]
[Result "1-0"]
[WhiteElo "2288"]
[BlackElo "2273"]

1. e4 e5 2. f4 exf4 3. Nf3 g5 4. Bc4 Bg7 5. O-O d6 6. d4 h6 7. h3 Ne7 8. Nc3
Nbc6 9. a3 Ng6 10. Nd5 Be6 11. b4 a6 12. Bb2 O-O 13. Qd2 Bxd5 14. Bxd5 Re8 15.
Qd3 Qd7 16. Rae1 Re7 17. Ba2 Rae8 18. e5 dxe5 19. Qxg6 1-0

[Event "AUTO-MASTER-2343"]
[Site "http://www.queenalice.com/game.php?id=1384103"]
[Date "2015.9.18"]
[Round "2"]
[White "Chanchito"]
[Black "Lucascg"]
[Result "0-1"]
[WhiteElo "2261"]
[BlackElo "2301"]

1. d4 Nf6 2. c4 c5 3. d5 b5 4. cxb5 a6 5. bxa6 Bxa6 6. Nc3 g6 7. e4 Bxf1 8. Kxf1
d6 9. Nf3 Bg7 10. g3 O-O 11. Kg2 Qb6 12. a4 Na6 13. Qe2 Rfb8 14. Nb5 Nc7 15.
Nxc7 Qxc7 16. Bg5 Rb4 17. e5 Nxd5 18. Qd2 e6 19. Bh6 Bh8 20. exd6 Qxd6 21. Ra2
Rbxa4 22. Rxa4 Rxa4 23. h4 Ra2 24. h5 Rxb2 25. Qa5 c4 26. hxg6 hxg6 0-1

[Event "Let's Play Chess!"]
[Site "http://www.queenalice.com/game.php?id=1388430"]
[Date "2015.10.10"]
[Round "-"]
[White "jizaias"]
[Black "Lucascg"]
[Result "1-0"]
[WhiteElo "2266"]
[BlackElo "2312"]

1. e4 d6 2. d4 Nf6 3. Nc3 g6 4. f4 Bg7 5. Nf3 O-O 6. Bd3 Nc6 7. O-O e5 8. d5 Nb4
9. Be2 c6 10. a3 Na6 11. dxc6 bxc6 12. fxe5 Qb6+ 13. Kh1 Ng4 14. Qe1 Nxe5 15.
Nxe5 Bxe5 16. b4 Nc7 17. Bh6 Re8 18. Rd1 a5 19. Na4 Qa7 20. Bc4 Be6 21. Be3 c5
22. Bxe6 Nxe6 23. bxc5 dxc5 24. Rd5 Qc7 25. Nxc5 Nxc5 26. Rxc5 Qe7 27. Rxa5 Rxa5
28. Qxa5 Qh4 29. h3 Qxe4 30. Qc5 Bb8 31. Bg1 Rd8 32. Qb6 Rc8 33. Rd1 Bc7 34. Qf6
Be5 35. Rd8+ Rxd8 36. Qxd8+ Kg7 37. Qd3 Qc6 38. Bd4 f6 39. Bxe5 fxe5 40. c4 Qc5
41. Qd5 Qe3 42. a4 Qc1+ 43. Kh2 Qf4+ 44. Kg1 Qc1+ 45. Kf2 Qc2+ 46. Kg3 Qf5 47.
Qb7+ Kh6 48. Qf3 Qc2 49. Qe3+ 1-0